[Event "ARG-ch Seniors 50/65"]
[Site "Torre Blanca"]
[Date "2018.10.20"]
[Round "3"]
[White "Ibanez, Fernando"]
[Black "Cella, Enrique Alfredo"]
[Result "1/2-1/2"]
[WhiteElo "2055"]
[BlackElo "2053"]
[PlyCount "47"]
[EventDate "2018.10.19"]
[EventType "swiss"]
[EventRounds "7"]
[EventCountry "ARG"]
[SourceTitle "CBM 187 Extra"]
[Source "ChessBase"]
[SourceDate "2018.11.04"]
[SourceVersion "1"]
[SourceVersionDate "2018.11.04"]
[SourceQuality "1"]

1. d4 Nf6 2. Nf3 e6 3. Bg5 h6 4. Bh4 Nc6 5. e3 g5 6. Bg3 Ne4 7. Nbd2 Nxg3 8. hxg3 d5 9. c3 Bd7 10. Bd3 Qe7 11. Qe2 e5 12. Nxe5 Nxe5 13. dxe5 Qxe5 14. Nf3 Qe7 15. Nd4 0-0-0 16. Nf5 Qf6 17. Qf3 Kb8 18. 0-0-0 Be6 19. Nd4 Qxf3 20. gxf3 Bg7 21. Nf5 Bxf5 22. Bxf5 Rhe8 23. Rd2 c6 24. g4 1/2-1/2

[Event "Buenos Aires Duchamp Boca op 3rd"]
[Site "Buenos Aires"]
[Date "2013.06.28"]
[Round "8"]
[White "Ibanez, Fernando"]
[Black "Tomas Falcon, Jesus"]
[Result "1/2-1/2"]
[WhiteElo "2089"]
[BlackElo "1944"]
[PlyCount "144"]
[EventDate "2013.06.20"]
[EventType "swiss"]
[EventRounds "9"]
[EventCountry "ARG"]
[SourceTitle "CBM 155 Extra"]
[Source "ChessBase"]
[SourceDate "2013.08.26"]
[SourceVersion "1"]
[SourceVersionDate "2013.08.26"]
[SourceQuality "1"]

1. Nf3 Nf6 2. d4 g6 3. Bg5 Bg7 4. Nbd2 0-0 5. e3 d5 6. Bd3 c5 7. c3 Qb6 8. Rb1 Nc6 9. 0-0 Bf5 10. Qe2 Bxd3 11. Qxd3 Rfe8 12. Ne5 Nxe5 13. dxe5 Ng4 14. Nf3 e6 15. e4 Qc6 16. exd5 Qxd5 17. Qxd5 exd5 18. Rfd1 Nxe5 19. Rxd5 Nxf3+ 20. gxf3 h6 21. Be3 b6 22. Rd7 Red8 23. Rbd1 Rxd7 24. Rxd7 Kf8 25. Bf4 Ke8 26. Rb7 Rd8 27. Rxa7 Rd1+ 28. Kg2 Rb1 29. Ra8+ Ke7 30. Ra7+ Ke6 31. b3 Bxc3 32. Ra6 Ba5 33. Bc7 c4 34. Bxb6 Bxb6 35. Rxb6+ Kd7 36. Rb4 c3 37. Rc4 Rc1 38. b4 Kd6 39. Rc5 g5 40. a4 c2 41. a5 f5 42. a6 Ra1 43. Rxc2 Rxa6 44. f4 g4 45. f3 gxf3+ 46. Kxf3 Ra3+ 47. Kg2 Rb3 48. Rc5 Rxb4 49. Rxf5 Ke6 50. Re5+ Kf6 51. Kg3 Rb3+ 52. Kg4 Rb2 53. Rh5 Rg2+ 54. Kf3 Rg6 55. Ke4 Kg7 56. Rd5 Re6+ 57. Kf5 Re7 58. h4 Rf7+ 59. Kg4 Rb7 60. Rd6 Rb4 61. h5 Rb7 62. Rg6+ Kh7 63. f5 Rb4+ 64. Kg3 Rb3+ 65. Kh4 Rb4+ 66. Kg3 Rb3+ 67. Kh4 Rb4+ 68. Rg4 Rb3 69. Rf4 Kg7 70. Kg4 Kf6 71. Rd4 Rb6 72. Re4 Rd6 1/2-1/2

[Event "Buenos Aires Duchamp Boca op 3rd"]
[Site "Buenos Aires"]
[Date "2013.06.24"]
[Round "4"]
[White "Paolini, Claudio P"]
[Black "Ibanez, Fernando"]
[Result "1/2-1/2"]
[WhiteElo "1909"]
[BlackElo "2089"]
[PlyCount "80"]
[EventDate "2013.06.20"]
[EventType "swiss"]
[EventRounds "9"]
[EventCountry "ARG"]
[SourceTitle "CBM 155 Extra"]
[Source "ChessBase"]
[SourceDate "2013.08.26"]
[SourceVersion "1"]
[SourceVersionDate "2013.08.26"]
[SourceQuality "1"]

1. e4 c5 2. Nf3 Nf6 3. Nc3 Nc6 4. d4 d5 5. e5 cxd4 6. Nb5 Ne4 7. Be2 e6 8. Nbxd4 Bc5 9. c3 0-0 10. 0-0 f5 11. Nxc6 bxc6 12. Nd4 Bd7 13. f3 Ng5 14. Bxg5 Qxg5 15. f4 Qd8 16. b4 Bb6 17. Kh1 c5 18. Nb5 cxb4 19. cxb4 a6 20. Nd4 g5 21. Qd2 h6 22. Rac1 Qe7 23. Nc6 Qg7 24. a4 Rfc8 25. b5 axb5 26. axb5 Ra3 27. Qb4 Rca8 28. Ne7+ Kh7 29. Qd6 Bd8 30. Qxd7 Qxe7 31. Qxe7+ Bxe7 32. Rc7 R3a7 33. b6 Rxc7 34. bxc7 Rc8 35. Rc1 Bd8 36. Ba6 Rxc7 37. Rxc7+ Bxc7 38. Bc8 gxf4 39. Bxe6 Kg6 40. Bxd5 Bxe5 1/2-1/2

[Event "Rossetto Memorial"]
[Site "Buenos Aires"]
[Date "2004.12.08"]
[Round "2"]
[White "Garcia, Raimundo"]
[Black "Ibanez, Fernando"]
[Result "1-0"]
[WhiteElo "2344"]
[BlackElo "2093"]
[PlyCount "75"]
[EventDate "2004.12.06"]
[EventType "swiss"]
[EventRounds "9"]
[EventCountry "ARG"]
[SourceTitle "EXT 2006"]
[Source "ChessBase"]
[SourceDate "2005.11.24"]
[SourceVersion "1"]
[SourceVersionDate "2005.11.24"]
[SourceQuality "1"]

1. Nf3 Nf6 2. c4 g6 3. Nc3 Bg7 4. e4 d6 5. d4 0-0 6. Be2 c5 7. 0-0 Nc6 8. d5 Na5 9. Bg5 h6 10. Bd2 a6 11. Qc2 b5 12. cxb5 axb5 13. Bxb5 Qb6 14. Rab1 Ba6 15. Bxa6 Qxa6 16. b3 Rfb8 17. Rfe1 Nd7 18. h4 Rb4 19. Ne2 Rb6 20. h5 g5 21. Ng3 Nb7 22. a4 c4 23. Qxc4 Qxc4 24. bxc4 Rxa4 25. Nf5 Bf8 26. Rxb6 Nxb6 27. Rb1 Ra6 28. e5 Nc5 29. exd6 exd6 30. Bc3 Nbd7 31. Re1 Ra8 32. Nh2 Nd3 33. Re4 N7c5 34. Re3 Rb8 35. Ng4 f6 36. Bxf6 Kf7 37. Bd4 Rb1+ 38. Kh2 1-0

[Event "ARG-ch 79th"]
[Site "Buenos Aires"]
[Date "2004.10.01"]
[Round "9"]
[White "Perdomo, Leandro Daniel"]
[Black "Ibanez, Fernando"]
[Result "1-0"]
[WhiteElo "2306"]
[BlackElo "2093"]
[PlyCount "71"]
[EventDate "2004.09.24"]
[EventType "swiss"]
[EventRounds "9"]
[EventCountry "ARG"]
[SourceTitle "CBM 102 Extra"]
[Source "ChessBase"]
[SourceDate "2004.11.03"]
[SourceVersion "1"]
[SourceVersionDate "2004.11.03"]
[SourceQuality "1"]

1. d4 Nf6 2. c4 c5 3. d5 b5 4. Nf3 d6 5. cxb5 a6 6. e3 Nbd7 7. Nc3 g6 8. bxa6 Bxa6 9. Bxa6 Rxa6 10. Qe2 Ra8 11. 0-0 Bg7 12. e4 0-0 13. Bf4 Ng4 14. Nd2 Nge5 15. Bg3 Nb6 16. a4 Qb8 17. f4 Ned7 18. a5 Nc8 19. Nc4 Qb7 20. e5 f5 21. a6 Qc7 22. Ra2 Kh8 23. Rfa1 Ndb6 24. b3 Na7 25. h3 Rad8 26. Bh4 Rd7 27. Re1 dxe5 28. Nxe5 Nxd5 29. Nxd5 Rxd5 30. Qc4 e6 31. Rae2 Qb6 32. Nf7+ Rxf7 33. Rxe6 Rd4 34. Rxb6 Rxc4 35. Rb8+ Bf8 36. bxc4 1-0

[Event "ARG-ch 79th"]
[Site "Buenos Aires"]
[Date "2004.09.26"]
[Round "3"]
[White "Della Morte, Pablo"]
[Black "Ibanez, Fernando"]
[Result "1-0"]
[WhiteElo "2302"]
[BlackElo "2093"]
[PlyCount "95"]
[EventDate "2004.09.24"]
[EventType "swiss"]
[EventRounds "9"]
[EventCountry "ARG"]
[SourceTitle "CBM 102 Extra"]
[Source "ChessBase"]
[SourceDate "2004.11.03"]
[SourceVersion "1"]
[SourceVersionDate "2004.11.03"]
[SourceQuality "1"]

1. e4 e6 2. d4 d5 3. e5 b6 4. c3 Qd7 5. a4 Ba6 6. Bxa6 Nxa6 7. f4 Ne7 8. Nf3 h5 9. 0-0 Nf5 10. Qd3 Nb8 11. a5 b5 12. Na3 a6 13. Nc2 Nc6 14. g3 Nce7 15. Kg2 Ng8 16. Bd2 Be7 17. Be1 Ngh6 18. h3 Qc6 19. b3 0-0-0 20. Bf2 Rhg8 21. Nb4 Qb7 22. Qd2 Kd7 23. Nd3 Rc8 24. Rg1 g6 25. Kf1 Rb8 26. g4 Ng7 27. f5 hxg4 28. hxg4 Nxg4 29. Rxg4 exf5 30. Rg2 Ne6 31. Nf4 b4 32. Nxe6 bxc3 33. Nc5+ Bxc5 34. e6+ fxe6 35. Ne5+ Kc8 36. Qxc3 Bd6 37. Rb1 Qb5+ 38. Kg1 g5 39. Nf7 Bb4 40. Qe3 Qd7 41. Nxg5 Rg6 42. Bg3 Kb7 43. Nf3 Bd6 44. Ne5 Bxe5 45. Qxe5 Qg7 46. Re1 Qxe5 47. Bxe5 Rxg2+ 48. Kxg2 1-0

[Event "ARG-ch 79th"]
[Site "Buenos Aires"]
[Date "2004.09.25"]
[Round "2"]
[White "Ibanez, Fernando"]
[Black "Real de Azua, Ernesto"]
[Result "0-1"]
[WhiteElo "2093"]
[BlackElo "2351"]
[PlyCount "86"]
[EventDate "2004.09.24"]
[EventType "swiss"]
[EventRounds "9"]
[EventCountry "ARG"]
[SourceTitle "CBM 102 Extra"]
[Source "ChessBase"]
[SourceDate "2004.11.03"]
[SourceVersion "1"]
[SourceVersionDate "2004.11.03"]
[SourceQuality "1"]

1. d4 Nf6 2. Bg5 Ne4 3. Bf4 c5 4. e3 Qb6 5. Nc3 Nxc3 6. bxc3 d6 7. Bd3 Nd7 8. Nf3 g6 9. 0-0 Bg7 10. e4 0-0 11. e5 dxe5 12. dxe5 Qc7 13. Qe2 e6 14. Rfe1 Nb6 15. c4 Bd7 16. Qe3 Bc6 17. Qxc5 Nd7 18. Qe3 Bxf3 19. gxf3 Nc5 20. Bh6 Rad8 21. Rad1 Rd7 22. Bxg7 Kxg7 23. Be2 Rfd8 24. Rxd7 Rxd7 25. Rd1 Rxd1+ 26. Bxd1 Nd7 27. Qd4 b6 28. f4 Nc5 29. Bf3 Qd7 30. c3 Qe7 31. Kf1 Qh4 32. Bc6 Qxh2 33. Ke2 h5 34. a4 h4 35. a5 Nb3 36. Qd8 Qxf4 37. axb6 axb6 38. Qxb6 Qxc4+ 39. Ke1 Qxc3+ 40. Kf1 Nd2+ 41. Ke2 Nc4 42. Qc5 Qxe5+ 43. Qxe5+ Nxe5 0-1

[Event "Buenos Aires Metropolitano op"]
[Site "Buenos Aires"]
[Date "2004.05.26"]
[Round "3"]
[White "Pedro, Fernando Pablo"]
[Black "Ibanez, Fernando"]
[Result "1-0"]
[WhiteElo "2255"]
[BlackElo "2106"]
[PlyCount "131"]
[EventDate "2004.05.19"]
[EventType "swiss"]
[EventRounds "7"]
[EventCountry "ARG"]
[SourceTitle "EXT 2006"]
[Source "ChessBase"]
[SourceDate "2005.11.24"]
[SourceVersion "1"]
[SourceVersionDate "2005.11.24"]
[SourceQuality "1"]

1. e4 c5 2. Nf3 Nf6 3. e5 Nd5 4. Nc3 e6 5. Nxd5 exd5 6. d4 Nc6 7. Bd3 c4 8. Be2 a6 9. 0-0 Be7 10. b3 b5 11. a4 Rb8 12. axb5 axb5 13. bxc4 bxc4 14. c3 0-0 15. Ne1 d6 16. f4 dxe5 17. fxe5 Qb6 18. Kh1 Qb3 19. Qd2 h6 20. Nf3 Be6 21. Bd1 Qb6 22. Bc2 Ra8 23. Rb1 Qa5 24. Qe1 Rfb8 25. Qg3 Rxb1 26. Bxb1 Kf8 27. Ng1 Qc7 28. Qg6 Nd8 29. Qh7 Ke8 30. Qxg7 h5 31. Qh8+ Kd7 32. Qxh5 Qa5 33. Bd2 Qa1 34. Qd1 Qb2 35. Qc1 Rb8 36. Nf3 Qxc1 37. Rxc1 Nc6 38. Ng5 Rb2 39. Nxe6 Rxd2 40. Nf4 Bg5 41. Nxd5 Nxe5 42. Rf1 Ng4 43. Nb6+ Ke8 44. Nxc4 Re2 45. Kg1 Ne3 46. Nxe3 Rxe3 47. Ba2 f6 48. Rf3 Re2 49. Bc4 Rc2 50. Bb5+ Ke7 51. c4 Rd2 52. d5 Kd6 53. g3 Rd1+ 54. Kg2 Ke5 55. h4 Bc1 56. Bd7 Bb2 57. g4 Bd4 58. Rf1 Rd2+ 59. Kg3 Rd3+ 60. Rf3 Rd1 61. h5 Kd6 62. Bf5 Rg1+ 63. Kh2 Re1 64. h6 Be5+ 65. Kg2 Ra1 66. h7 1-0

[Event "Chesspangenberg op 1st"]
[Site "Buenos Aires"]
[Date "2003.11.10"]
[Round "6"]
[White "Ibanez, Fernando"]
[Black "Della Morte, Pablo"]
[Result "1-0"]
[WhiteElo "2093"]
[BlackElo "2270"]
[PlyCount "75"]
[EventDate "2003.11.04"]
[EventType "swiss"]
[EventRounds "9"]
[EventCountry "ARG"]
[SourceTitle "EXT 2004"]
[Source "ChessBase"]
[SourceDate "2003.11.25"]
[SourceVersion "1"]
[SourceVersionDate "2003.11.25"]
[SourceQuality "1"]

1. d4 Nf6 2. Nf3 g6 3. Bg5 Bg7 4. Nbd2 0-0 5. e3 d6 6. Bd3 c5 7. c3 Nc6 8. 0-0 Qc7 9. Rc1 b6 10. h3 e5 11. e4 h6 12. Bxf6 Bxf6 13. dxc5 dxc5 14. Nc4 Be6 15. b3 Bg7 16. Ne3 Rad8 17. Qe2 f5 18. Nh4 f4 19. Bc4 Bxc4 20. Qxc4+ Kh7 21. Nd5 Qf7 22. Rcd1 Rd6 23. Rd2 Rfd8 24. Rfd1 Na5 25. Qe2 h5 26. Nf3 Kh8 27. Ng5 Qf8 28. Nc7 f3 29. Nxf3 Rxd2 30. Rxd2 Bh6 31. Rxd8 Qxd8 32. Nd5 Qe8 33. Qa6 Nc6 34. Qb7 Qe6 35. h4 c4 36. b4 a5 37. a3 axb4 38. axb4 1-0

[Event "Buenos Aires FMD op"]
[Site "Buenos Aires"]
[Date "1993.??.??"]
[Round "6"]
[White "Echeguren, Gustavo Fabian"]
[Black "Ibanez, Fernando"]
[Result "0-1"]
[WhiteElo "2457"]
[BlackElo "2190"]
[PlyCount "72"]
[EventDate "1993.??.??"]
[EventType "swiss"]
[EventRounds "9"]
[EventCountry "ARG"]
[SourceTitle "EXT 1998"]
[Source "ChessBase"]
[SourceDate "1997.11.17"]
[SourceVersion "1"]
[SourceVersionDate "1997.11.17"]
[SourceQuality "1"]

1. d4 Nf6 2. c4 c5 3. d5 b5 4. cxb5 a6 5. e3 g6 6. Nc3 Bg7 7. Bc4 0-0 8. Nge2 axb5 9. Nxb5 d6 10. a4 Ba6 11. 0-0 Nbd7 12. Ra3 Nb6 13. Ba2 Qd7 14. Nec3 Rfb8 15. Bb3 Ne8 16. e4 Bxc3 17. bxc3 Nxa4 18. Bxa4 Bxb5 19. Bxb5 Qxb5 20. Rxa8 Rxa8 21. Bg5 Ra7 22. f4 f6 23. Bh6 Qc4 24. Qb1 Ra2 25. Qb8 Kf7 26. Qc8 Qxe4 27. Qe6+ Qxe6 28. dxe6+ Kxe6 29. Re1+ Kf7 30. g4 Rc2 31. Re3 Nc7 32. Rd3 Nb5 33. f5 Rxc3 34. fxg6+ Kxg6 35. Rxc3 Nxc3 36. Bd2 Ne4 0-1

[Event "Buenos Aires FMDA op-A"]
[Site "Buenos Aires"]
[Date "1992.??.??"]
[Round "1"]
[White "Altamirano, Benjamin"]
[Black "Ibanez, Fernando"]
[Result "1-0"]
[WhiteElo "2225"]
[BlackElo "2225"]
[PlyCount "75"]
[EventDate "1992.??.??"]
[EventType "swiss"]
[EventRounds "11"]
[EventCountry "ARG"]
[SourceTitle "EXT 2003"]
[Source "ChessBase"]
[SourceDate "2002.11.25"]
[SourceVersion "1"]
[SourceVersionDate "2002.11.25"]
[SourceQuality "1"]

1. Nf3 Nf6 2. g3 g6 3. b3 Bg7 4. Bb2 0-0 5. Bg2 d6 6. d4 c5 7. c4 Nc6 8. d5 Na5 9. 0-0 b5 10. cxb5 a6 11. bxa6 Bxa6 12. Nfd2 Qb6 13. Bc3 Rfb8 14. Na3 Ng4 15. Bxg7 Kxg7 16. h3 Nf6 17. Re1 Nd7 18. Rc1 Kg8 19. Nc2 Nb7 20. Nf3 Qa5 21. a3 Qb6 22. b4 Bb5 23. Qd2 Ba4 24. Ne3 Nf6 25. Nc4 Qd8 26. e4 Bb5 27. e5 Nd7 28. e6 fxe6 29. Ng5 Nf8 30. dxe6 Be8 31. Bd5 Ra7 32. Qc3 cxb4 33. axb4 h6 34. Nf7 Bxf7 35. exf7+ Kh7 36. Qe3 e5 37. Qxa7 Qd7 38. Ne3 1-0

[Event "Buenos Aires FMDA op-A"]
[Site "Buenos Aires"]
[Date "1992.??.??"]
[Round "3"]
[White "Dotta, Juan Carlos"]
[Black "Ibanez, Fernando"]
[Result "1/2-1/2"]
[WhiteElo "2280"]
[BlackElo "2225"]
[PlyCount "44"]
[EventDate "1992.??.??"]
[EventType "swiss"]
[EventRounds "11"]
[EventCountry "ARG"]
[SourceTitle "EXT 2003"]
[Source "ChessBase"]
[SourceDate "2002.11.25"]
[SourceVersion "1"]
[SourceVersionDate "2002.11.25"]
[SourceQuality "1"]

1. d4 Nf6 2. Bg5 g6 3. Nf3 Bg7 4. e3 0-0 5. Bd3 d5 6. h3 c5 7. c3 Nc6 8. 0-0 Qb6 9. Qc2 c4 10. Be2 Bf5 11. Qc1 Ne4 12. Bf4 Rfe8 13. Nbd2 Rad8 14. g4 Nxd2 15. Qxd2 Bc8 16. Bg3 f6 17. e4 e6 18. exd5 exd5 19. Ne1 Be6 20. Ng2 Bf7 21. Bf3 Rd7 22. Rfe1 Qd8 1/2-1/2

[Event "Buenos Aires FMDA op-B"]
[Site "Buenos Aires"]
[Date "1992.??.??"]
[Round "3"]
[White "Ibanez, Fernando"]
[Black "Adad, Carlos"]
[Result "0-1"]
[WhiteElo "2225"]
[BlackElo "2225"]
[PlyCount "72"]
[EventDate "1992.??.??"]
[EventType "swiss"]
[EventRounds "7"]
[EventCountry "ARG"]
[SourceTitle "EXT 1998"]
[Source "ChessBase"]
[SourceDate "1997.11.17"]
[SourceVersion "1"]
[SourceVersionDate "1997.11.17"]
[SourceQuality "1"]

1. d4 Nf6 2. Nf3 g6 3. Bg5 Bg7 4. Nbd2 d6 5. e4 0-0 6. Bd3 Nbd7 7. c3 e5 8. 0-0 h6 9. Bh4 Qe8 10. Re1 Nh5 11. Bc4 Nb6 12. Bb3 Be6 13. d5 Bd7 14. c4 Nf4 15. Bc2 Na4 16. Rb1 a5 17. a3 Kh7 18. Bg3 Nh5 19. Nb3 b6 20. Qd2 Bg4 21. Bd1 Kh8 22. Nc1 Nc5 23. Nd3 Qd7 24. b4 Nxe4 25. Rxe4 Bxf3 26. gxf3 f5 27. Re1 f4 28. Bh4 Qh3 29. Bg3 Rf5 30. Qe2 axb4 31. axb4 Rg5 32. Qf1 Qf5 33. Rb2 Ra3 34. Nc1 fxg3 35. fxg3 e4 36. Ree2 Rxf3 0-1